| 000 | 01569 a2200217 4500 | ||
|---|---|---|---|
| 001 | 47462 | ||
| 005 | 20260407155741.0 | ||
| 008 | 260407a1973 arg spa d | ||
| 003 | AR-UNSa-BCEJYS | ||
| 040 |
_aAR-UNSa-BCEJYS _bspa _cAR-UNSa-BCEJYS |
||
| 080 |
_a330.34 _xDesarrollo Económico |
||
| 245 | 1 | 0 |
_aTeoría del desarrollo _paspectos críticos |
| 020 | _a84-270-0231-9 | ||
| 264 | 1 |
_aBarcelona : _bEdiciones Martínez Roca _c1973 |
|
| 300 |
_a320 p. _c20 cm. |
||
| 505 | _aPrimera Parte: 1. Marx, Marshall y Keynes - 2. Notas sobre Marx y Marshall - 3. La filosofía de los precios - 4. La teoría del valor trabajo - 5. La acumulación de capital / Rosa Luxemburg - 6. El modelo de una economía en expansión - 7. Notas sobre la teoría del desarrollo económico - 8. Población y desarrollo - Segunda Parte : 9. La función de producción y la teoría del capital - 10. La acumulación y la función de producción - 11. La teoría de la distribución - 12. Capital, técnicas y partes relativas - 13. El verdadero efecto Wicksell - 14. Ahorro sin inversión - 15. Algunos problemas de definición y medida del capital - 16. Depreciación - Tercera Parte : 17. La competencia imperfecta en retrospectiva - 18. La competencia imperfecta, hoy - Cuarta Parte : 19. El tipo de interés - 20. Una nota sobre el tipo bancario - 21. Pleno empleo e inflación. | ||
| 942 | _cBK | ||
| 590 | _aniveau_biblio:m niveau_hierar:0 | ||
| 100 | 1 | _aRobinson, Joan | |
| 856 | 4 | 1 |
_uhttps://www.biblioeco.unsa.edu.ar/pmb/images/libros/L127509.jpg _yImagen de portada _qimage/jpeg |
| 999 |
_c4366 _d4366 |
||